000 01180nam a22003737a 4500
003 DO-SdBNP
005 20171206095613.0
008 060721 19uu sp a spa
017 _a
_b
020 _a8477588392 (o. c.)
020 _a8477588554 (o.c. astronomía)
020 _a8477588562 (astronomía I)
035 _a
040 _aBPMSU
_bspa
_cBPMSU
_e
082 _a
_b
092 _axxxx
_bxxxx
_2
100 _aKlein, Artur
245 0 0 _aVideo enciclopedia muy interesante /
_h
_cArtur Klein ; ilustraciones archivo THEMA, AISA, ALFA-OMEGA, Jaime Buesa, José Tola, Miguel Angel Castaños
260 _aMadrid :
_bClub internacional del libro,
_c[19--].
_e
_f
300 _av. ;
_c33 cm.
500 _aLa biblioteca posee el volumen; Astronomía I
650 _2NOVELA INGLESA
650 4 _2MAGIA - NOVELA
650 4 _2NOVELA JUVENIL INGLESA
700 1 _aKlein, Artur
700 1 _aBuesa, Jaime
_eil.
700 1 _aTola, José
_eil.
700 1 _aCastaños, Miguel Angel
_eil.
710 1 _aArchivo THEMA
_eil.
942 _2ddc
_cBK
945 _aInventariado, 2017/MFF
956 _aYLOCKWARD
_210
_6BPMSU
_800144
980 _a
_a
_b
_j
_c
999 _c12789
_d12789